|
|
|
|
| LEADER |
01791nam a2200373 a 4500 |
| 001 |
14981220 |
| 003 |
BD-DhAAL |
| 005 |
20250312145825.0 |
| 008 |
090722s2006 bg b 000 0 eng d |
| 010 |
|
|
|a 2007340085
|
| 040 |
|
|
|a DLC
|c DLC
|d BD-DhAAL
|
| 082 |
0 |
0 |
|a 339.4/60954
|2 22
|
| 245 |
1 |
0 |
|a India-Bangladesh bilateral trade and potential free trade agreement /
|c [report prepared by] Garry Pursell, Zaidi Sattar.
|
| 260 |
|
|
|a Dhaka :
|b World Bank Office, Dhaka,
|c 2006.
|
| 300 |
|
|
|a xxxi, 96 pages ;
|c 29 cm. +
|e 1 CD-ROM (4 3/4 in.)
|
| 490 |
0 |
|
|a Bangladesh development series ;
|v paper no. 13
|
| 500 |
|
|
|a "Document of the World Bank."
|
| 500 |
|
|
|a The World Bank, Poverty Reduction and Economic Management Unit"--Cover.
|
| 504 |
|
|
|a Includes bibliographical references (p. 90-94).
|
| 526 |
|
|
|x Salim khan
Sr. program Associate
James P. Grant School.
Course name and no. N/A
|
| 541 |
1 |
|
|a A H Development publishing house
|e 00018476
|
| 650 |
|
0 |
|a Free trade
|z India.
|9 57962
|
| 650 |
|
0 |
|a Free trade
|z Bangladesh.
|9 48685
|
| 650 |
|
0 |
|a Commercial treaties.
|9 57963
|
| 651 |
|
0 |
|a India
|x Foreign economic relations
|z Bangladesh.
|9 57964
|
| 651 |
|
0 |
|a Bangladesh
|x Foreign economic relations
|z India.
|9 57965
|
| 651 |
|
0 |
|a India
|x Commercial policy.
|
| 651 |
|
0 |
|a Bangladesh
|x Commercial policy.
|
| 710 |
2 |
|
|a World Bank.
|b Bangladesh Dhaka Office.
|
| 710 |
2 |
|
|a World Bank.
|b Poverty Reduction and Economic Management.
|9 57966
|
| 852 |
4 |
|
|a SPH
|j General Shelf.
|
| 942 |
|
|
|2 ddc
|c BK
|
| 999 |
|
|
|c 2701
|d 2701
|
| 952 |
|
|
|0 0
|1 0
|2 ddc
|4 0
|6 339_460954000000000_IND
|7 0
|9 2480
|a JPGSPH
|b JPGSPH
|d 2009-04-29
|e A H Development Publishing House.
|l 0
|o 339.460954 IND
|p 3060018476
|r 2009-07-22
|t 1
|w 2009-07-22
|y BK
|x Requisitioned by Salim khan, Sr. program Associate, James P. Grant School. Course name and no. N/A
|